00584cam a2200205 45000010008000000030006000080050017000140080041000310100017000720200015000890400018001040500019001220820013001411000030001542450076001842600040002603000026003006500026003267000026003522654481GBCCL20241126110433.0710127s1971 tnua 000 0 eng  a 70136137  a0805463038 aDLCcDLCdDLC00aPS3561.N49bS4 0a266bWAL1 aKnight, Walker L.,d1924-10aSee how love worksc[by] Walker L. Knight. Photography by Don Rutledge. aNashville,bBroadman Pressc[c1971] a95 p.billus.c24 cm. aMissionvhome mission1 aRutledge, Don,d1930-